NHL President's Trophy Winners Since 2000 - Statistics

General Stats
  • This quiz has been taken 3,203 times
  • The average score is 10 of 12
Answer Stats
Hint Answer % Correct
2002 Detroit Red Wings
94%
2004 Detroit Red Wings
94%
2006 Detroit Red Wings
94%
2008 Detroit Red Wings
94%
2011 Vancouver Canucks
87%
2012 Vancouver Canucks
87%
2010 Washington Capitals
84%
2001 Colorado Avalanche
83%
2009 San Jose Sharks
77%
2003 Ottawa Senators
69%
2000 St Louis Blues
68%
2007 Buffalo Sabres
64%
No matching quizzes found
Score Distribution
Percent of People with Each Score
Percentile by Number Answered
Your Score History
You have not taken this quiz